History Quiz

Random History or Clickable Quiz

Famous 19th Century Quotes Quiz Stats

 Plays Quiz Updated Dec 30, 2015

Challenge
Share
Tweet
Embed
Score 0/28 Timer 08:00
1 Play Today
% Correct
Abraham Lincoln
83.9%
Karl Marx
78.4%
Francis Scott Key
74.5%
Ludwig van Beethoven
74.1%
Charles Darwin
70.9%
Thomas Jefferson
67.6%
James Naismith
66.6%
Friedrich Nietzsche
66.3%
Sitting Bull
64.2%
Napoleon Bonaparte
63.6%
Brigham Young
60.8%
Emperor Nicholas I
58.8%
Dmitri Mendeleev
58.7%
Richard Wagner
58%
% Correct
Thomas Edison
57.5%
William Clark
56.8%
Andrew Jackson
53.6%
Mark Twain
52.7%
Andrew Carnegie
51.7%
Vincent van Gogh
51.4%
James Buchanan
47.8%
Ulysses S. Grant
47.2%
Booker T. Washington
47%
Andrew Johnson
45.6%
Frederick Douglass
44.8%
Theodore Roosevelt
44.1%
Queen Victoria
37.5%
John Brown
36.4%

You're not logged in!

Compare scores with friends on all Sporcle quizzes.
Join for Free
OR
Log In

You Might Also Like...

Show Comments

Extras

Top Quizzes Today


Score Distribution

Your Account Isn't Verified!

In order to create a playlist on Sporcle, you need to verify the email address you used during registration. Go to your Sporcle Settings to finish the process.

Report this User

Report this user for behavior that violates our Community Guidelines.

Details: